00501 2200193 4500001002100000005001500021008004100036020002200077035001900099041000700118082002100125090002100146100001800167245003600185250000600221260004000227300002300267650001700290INLIS00000000002388620241224131610241224||||||||| | ||| |||| || |  a978-602-9018-19-6 0010-1224023886 aid0 a610.730699 ARI p a610.730699 ARI p0 aArita Murwani00aPerawatan Pasien Penyakit Dalam a1 aYogyakartabGosyen Publishingc2011 ax, 186 hlm.; 20 cm 0aIlmu Terapan